Poesía de México : de los orígenes a 1880 /

Compilación de obras poéticas mexicanas desde la época prehispánica y escrita en lengua nativa, hasta el siglo XIX, tiempo en el que se consolida el gobierno del general Porfirio Díaz, pasando por la época colonial que comprende los tres siglos de dominación española, siglos XVI, XVII, XVIII. Alguno...

ver descrição completa

Na minha lista:
Detalhes bibliográficos
Autor principal: Millán, María del Carmen (selec. y presen.)
Formato: Livro
Idioma:espanhol
Publicado em: Buenos Aires, Argentina : EUDEBA, 1966, c1966
Colecção:(Serie del Nuevo Mundo)
Assuntos:
Tags: Adicionar Tag
Sem tags, seja o primeiro a adicionar uma tag!

MARC

LEADER 00000nam^a2200000^a^4500
001 000157857
005 20250521000000.0
009 20260310100553.03
037 |a Acervo ITESO - Biblioteca 
041 |a ESP 
082 |a 861.  |b MIL 
100 |a Millán, María del Carmen  |e (selec. y presen.) 
245 1 0 |a Poesía de México :  |b de los orígenes a 1880 /  |c M.C. Millán. 
264 4 |a Buenos Aires, Argentina :  |b EUDEBA,  |c 1966, c1966 
300 |a 127 p. 
336 |a texto  |b txt  |2 rdacontenido 
337 |a sin mediación  |b n  |2 rdamedio 
338 |a volumen  |b nc  |2 rdasoporte 
440 1 |a (Serie del Nuevo Mundo) 
520 |a Compilación de obras poéticas mexicanas desde la época prehispánica y escrita en lengua nativa, hasta el siglo XIX, tiempo en el que se consolida el gobierno del general Porfirio Díaz, pasando por la época colonial que comprende los tres siglos de dominación española, siglos XVI, XVII, XVIII. Algunos de los poetas seleccionados son Netzhualcoyotl, Gutierre de Cetina, Bernardo de Balbuena, Matías de Bocanegra, Luis de Sandoval y Zapata, Sor Juana Inés de la Cruz, Diego de Sigüenza y Figueroa, Guillermo Prieto, Vicente Riva Palacio, Manuel Acuña y Juan de Dios Peza, entre otros. 
649 |a XX 
650 |a Poesía Nahua 
650 |a Poesía Mexicana 
650 |a Literatura Mexicana -  |y Epoca Prehispánica 
650 |a Literatura Mexicana -  |y Epoca Colonial, 1517-1821 
650 |a Literatura Mexicana -  |y Siglo XIX 
910 |a Fondo Salvador Reynoso Reynoso 
920 |a Impresos - Libros 
930 |a Fondos Especiales 
940 |a Literatura 
905 |a 112 
901 |a 0800016343  |b IT2  |c ESP  |u 20250521 
902 |a https://opac.biblio.iteso.mx/vufind/Record/000157857